EFL Cup Winners - Statistics

General Stats
  • This quiz has been taken 30 times
  • The average score is 57 of 66
Answer Stats
Year Winner % Correct
2015 Chelsea
97%
2007 Chelsea
97%
2005 Chelsea
97%
1998 Chelsea
97%
1965 Chelsea
97%
2024 Liverpool
97%
2022 Liverpool
97%
2012 Liverpool
97%
2003 Liverpool
97%
2001 Liverpool
97%
1995 Liverpool
97%
1984 Liverpool
97%
1983 Liverpool
97%
1982 Liverpool
97%
1981 Liverpool
97%
2026 Manchester City
97%
2021 Manchester City
97%
2020 Manchester City
97%
2019 Manchester City
97%
2018 Manchester City
97%
2016 Manchester City
97%
2014 Manchester City
97%
1976 Manchester City
97%
1970 Manchester City
97%
2023 Manchester United
97%
2017 Manchester United
97%
2010 Manchester United
97%
2009 Manchester United
97%
2006 Manchester United
97%
1992 Manchester United
97%
1993 Arsenal
93%
1987 Arsenal
93%
2025 Newcastle United
93%
2008 Tottenham Hotspur
93%
1999 Tottenham Hotspur
93%
1973 Tottenham Hotspur
93%
1971 Tottenham Hotspur
93%
1996 Aston Villa
90%
1994 Aston Villa
90%
1977 Aston Villa
90%
1975 Aston Villa
90%
1961 Aston Villa
90%
1990 Nottingham Forest
86%
1989 Nottingham Forest
86%
1979 Nottingham Forest
86%
1978 Nottingham Forest
86%
2013 Swansea City
86%
2011 Birmingham City
83%
1963 Birmingham City
83%
1968 Leeds United
83%
2002 Blackburn Rovers
79%
2000 Leicester City
76%
1997 Leicester City
76%
1964 Leicester City
76%
1980 Wolverhampton Wanderers
76%
1974 Wolverhampton Wanderers
76%
1967 Queens Park Rangers
72%
1991 Sheffield Wednesday
69%
2004 Middlesbrough
66%
1988 Luton Town
62%
1972 Stoke City
62%
1966 West Bromwich Albion
62%
1985 Norwich City
59%
1962 Norwich City
59%
1986 Oxford United
59%
1969 Swindon Town
45%
No matching quizzes found
Score Distribution
Percent of People with Each Score
Percentile by Number Answered
Your Score History
You have not taken this quiz